|
|
|
|
| LEADER |
00000cam a22000004a 4500 |
| 001 |
musev2_94613 |
| 003 |
MdBmJHUP |
| 005 |
20230905053109.0 |
| 006 |
m o d |
| 007 |
cr||||||||nn|n |
| 008 |
211016s2022 wvu o 00 0 eng d |
| 020 |
|
|
|a 9781952271397
|
| 020 |
|
|
|z 9781952271380
|
| 035 |
|
|
|a (OCoLC)1276847813
|
| 040 |
|
|
|a MdBmJHUP
|c MdBmJHUP
|
| 100 |
1 |
|
|a Daniels, Kate,
|d 1953-
|e author.
|
| 245 |
1 |
0 |
|a Slow Fuse of the Possible :
|b A Memoir of Poetry and Psychoanalysis /
|c Kate Daniels.
|
| 264 |
|
1 |
|a Morgantown :
|b West Virginia University Press,
|c 2021.
|
| 264 |
|
3 |
|a Baltimore, Md. :
|b Project MUSE,
|c 2021
|
| 264 |
|
4 |
|c ©2021.
|
| 300 |
|
|
|a 1 online resource (251 pages).
|
| 336 |
|
|
|a text
|b txt
|2 rdacontent
|
| 337 |
|
|
|a computer
|b c
|2 rdamedia
|
| 338 |
|
|
|a online resource
|b cr
|2 rdacarrier
|
| 505 |
0 |
|
|a Intro -- Half-Title -- Title Page -- Copyright Page -- Preface -- A Note to Readers -- 1 -- 2 -- 3 -- 4 -- 5 -- 6 -- 7 -- 8 -- 9 -- 10 -- 11 -- 12 -- 13 -- 14 -- 15 -- 16 -- 17 -- 18 -- 19 -- 20 -- 21 -- 22 -- 23 -- 24 -- 25 -- 26 -- Afterword and Acknowledgments -- Notes -- Permissions.
|
| 520 |
|
|
|a "A poet's narrative of a troubled psychoanalysis, and a meditation on the powers of language"--
|c Provided by publisher.
|
| 588 |
|
|
|a Description based on print version record.
|
| 600 |
1 |
1 |
|a Daniels, Kate,
|d 1953-
|x Mental health.
|
| 600 |
1 |
0 |
|a Daniels, Kate,
|d 1953-
|x Mental health.
|
| 650 |
|
7 |
|a Psychoanalysis and literature.
|2 fast
|0 (OCoLC)fst01081273
|
| 650 |
|
7 |
|a Poets, American.
|2 fast
|0 (OCoLC)fst01067794
|
| 650 |
|
7 |
|a Poetry
|x Authorship.
|2 fast
|0 (OCoLC)fst01067694
|
| 650 |
|
7 |
|a Mental health.
|2 fast
|0 (OCoLC)fst01016339
|
| 650 |
|
6 |
|a Psychanalyse et litterature
|z États-Unis.
|
| 650 |
|
6 |
|a Poesie
|x Art d'ecrire.
|
| 650 |
|
6 |
|a Poetes americains
|y 20e siecle
|v Biographies.
|
| 650 |
|
0 |
|a Psychoanalysis and literature
|z United States.
|
| 650 |
|
0 |
|a Poetry
|x Authorship.
|
| 650 |
|
0 |
|a Poets, American
|y 20th century
|v Biography.
|
| 651 |
|
7 |
|a United States.
|2 fast
|0 (OCoLC)fst01204155
|
| 655 |
|
7 |
|a Autobiographies.
|2 rvmgf
|
| 655 |
|
7 |
|a Autobiographies.
|2 lcgft
|
| 655 |
|
7 |
|a Biographies.
|2 fast
|0 (OCoLC)fst01919896
|
| 655 |
|
7 |
|a Autobiographies.
|2 fast
|0 (OCoLC)fst01919894
|
| 655 |
|
2 |
|a Autobiography
|
| 655 |
|
7 |
|a Electronic books.
|2 local
|
| 710 |
2 |
|
|a Project Muse.
|e distributor
|
| 830 |
|
0 |
|a Book collections on Project MUSE.
|
| 856 |
4 |
0 |
|z Texto completo
|u https://projectmuse.uam.elogim.com/book/94613/
|
| 945 |
|
|
|a Project MUSE - Custom Collection
|
| 945 |
|
|
|a Project MUSE - 2021 Complete
|
| 945 |
|
|
|a Project MUSE - 2021 Poetry, Fiction and Creative Non-Fiction
|